All Players with Touchdowns in Super Bowl 44 - Statistics

General Stats
  • This quiz has been taken 64 times
  • The average score is 4 of 7
Answer Stats
Team Position # of Touchdowns Answer % Correct
Saints Quarterback 2 Drew Brees
98%
Colts Quarterback 1 Peyton Manning
96%
Saints Cornerback 1 Tracey Porter
55%
Saints Wide Receiver 1 Pierre Thomas
46%
Colts Runningback 1 Joseph Addai
36%
Colts Wide Receiver 1 Pierre Garcon
23%
Saints Wide Receiver 1 Jeremy Shockey
16%
No matching quizzes found
Score Distribution
Percent of People with Each Score
Percentile by Number Answered
Your Score History
You have not taken this quiz